| 000 | 00444nam a22001697a 4500 | ||
|---|---|---|---|
| 003 | OSt | ||
| 008 | 240805b |||||||| |||| 00| 0 eng d | ||
| 020 | _a9780143442295 | ||
| 082 | _a158.1 DAL | ||
| 100 | _aDAS, Gaur Gopal | ||
| 245 | _aLife's Amazing Secrets:How to Find Balance and Purpose in Your Life | ||
| 250 | _aIst. ed., | ||
| 260 |
_aGurugram, _bPenguin Ananda, _c2018, |
||
| 300 | _a208 p. | ||
| 650 | _aEnglish | ||
| 942 |
_2ddc _cBK |
||
| 999 |
_c12814 _d12814 |
||